|
|
|
|
| LEADER |
01035nam a2200241 a 4500 |
| 001 |
4748302 |
| 008 |
091012s1984 bg b 001 0 eng d |
| 010 |
|
|
|a 84900992
|
| 020 |
|
|
|c Tk74.00
|
| 040 |
|
|
|a DLC
|c DLC
|d DLC
|
| 082 |
0 |
0 |
|a 338.9549/2
|2 19
|
| 100 |
2 |
|
|a Ejazul Huq, K. M.
|
| 245 |
1 |
0 |
|a Planning for core needs in Bangladesh :
|b basic needs approach /
|c K.M. Ejazul Huq.
|
| 260 |
|
|
|a Dhaka :
|b University Press,
|c c1984.
|
| 300 |
|
|
|a 121 p. ;
|c 23 cm.
|
| 504 |
|
|
|a Includes Bibliography: p. [99]-105 and index.
|
| 541 |
1 |
|
|e 00001696
|
| 650 |
|
0 |
|a Basic needs
|z Bangladesh.
|
| 651 |
|
0 |
|a Bangladesh
|x Economic policy.
|
| 852 |
4 |
|
|a Ayesha Abed Library
|j General Shelf.
|
| 999 |
|
|
|c 4520
|d 4520
|
| 952 |
|
|
|0 0
|1 0
|2 ddc
|4 0
|6 338_954920000000000_FJA_1984
|7 0
|9 4253
|a BRACUL
|b BRACUL
|c GEN
|d 2009-10-12
|g 74.00
|l 1
|m 9
|o 338.95492 FJA
|p 3010001696
|r 2016-08-16
|s 2016-06-27
|t 1
|w 2009-10-12
|y BK
|
| 952 |
|
|
|0 0
|1 0
|2 ddc
|4 0
|6 338_954920000000000_FJA_1984
|7 0
|9 9743
|a BRACUL
|b BRACUL
|c GEN
|d 2010-05-04
|g 38.00
|l 0
|o 338.95492 FJA
|p 3010003738
|r 2010-05-04
|t 2
|w 2010-05-04
|y BK
|